[Event "Norway Chess Open GM 2024"]
[Site "Stavanger NOR"]
[Date "2024.05.30"]
[Round "9.19"]
[White "Cornileau, Juliette"]
[Black "Gasland, Lukas Dominik"]
[Result "1-0"]
[WhiteTitle "WFM"]
[WhiteElo "1986"]
[BlackElo "2063"]
[WhiteFideId "36083372"]
[BlackFideId "1557882"]
[EventDate "2024.05.24"]

1. e4 c5 2. Nf3 Nc6 3. d4 cxd4 4. Nxd4 e5 5. Nb5 d6 6. N1c3 a6 7. Na3 b5 8. Nd5
Nf6 9. Bg5 Be7 10. Bxf6 Bxf6 11. c3 g6 12. Nc2 Bg7 13. a4 bxa4 14. Nce3 O-O 15.
Qxa4 Ne7 16. Bc4 Kh8 17. h4 Nxd5 18. Bxd5 Rb8 19. Qa2 Bh6 20. Nc4 f5 21. h5 fxe4
22. hxg6 Qf6 23. b4 Qxg6 24. Qe2 Rf4 25. Ne3 Bd7 26. Qh5 Rf6 27. Qxg6 Rxg6 28.
Bxe4 Rf6 29. Nd5 1-0

[Event "Norway Chess Open GM 2024"]
[Site "Stavanger NOR"]
[Date "2024.05.30"]
[Round "9.20"]
[White "Vasilijevic, Vili"]
[Black "Torfoss, Sivert Schanche"]
[Result "1/2-1/2"]
[WhiteElo "1980"]
[BlackElo "2059"]
[WhiteFideId "14547104"]
[BlackFideId "1542761"]
[EventDate "2024.05.24"]

1. d4 Nf6 2. c4 e6 3. Nc3 Bb4 4. Nf3 b6 5. e3 Bb7 6. Bd3 Ne4 7. O-O Bxc3 8. bxc3
O-O 9. Ne1 d5 10. f3 Nf6 11. Qe2 Re8 12. e4 dxc4 13. Bxc4 c5 14. dxc5 bxc5 15.
Rb1 Qc7 16. Bf4 Qxf4 17. Rxb7 Qe5 18. Rb3 Nbd7 19. Nd3 Qc7 20. f4 Nb6 21. Ne5
Nfd7 22. Bb5 Red8 23. Bxd7 Nxd7 24. Nxd7 Qxd7 25. Rbb1 1/2-1/2

[Event "Norway Chess Open GM 2024"]
[Site "Stavanger NOR"]
[Date "2024.05.30"]
[Round "9.21"]
[White "Haugen, Lars Tormod"]
[Black "Stevens, Christian FRA"]
[Result "1-0"]
[WhiteElo "1961"]
[BlackElo "1936"]
[WhiteFideId "1559966"]
[BlackFideId "649090"]
[EventDate "2024.05.24"]

1. c4 g6 2. Nc3 Bg7 3. g3 d6 4. Bg2 c5 5. e4 Nc6 6. Nge2 e6 7. d3 Rb8 8. Rb1
Nge7 9. a3 b6 10. O-O O-O 11. b4 Qd7 12. b5 Nd4 13. Nxd4 cxd4 14. Na2 Bb7 15.
Re1 Rbc8 16. a4 Kh8 17. Nb4 Ng8 18. Ra1 Qc7 19. Bb2 e5 20. Bc1 Rce8 21. Bd2 Nf6
22. Ra3 Nd7 23. Qa1 Nc5 24. Qa2 f5 25. f3 Rf7 26. a5 Ref8 27. axb6 axb6 28. Ra7
fxe4 29. dxe4 Qb8 30. Qa3 h5 31. h4 Qc8 32. Kh2 Kh7 33. Ra1 Nxe4 34. fxe4 Qxc4
35. Qd3 Qc8 36. Rf1 Rxf1 1-0

[Event "Norway Chess Open GM 2024"]
[Site "Stavanger NOR"]
[Date "2024.05.30"]
[Round "9.22"]
[White "Flatebo, Hallvard Haug"]
[Black "Azikri, Gur"]
[Result "1-0"]
[WhiteElo "1951"]
[BlackElo "1948"]
[WhiteFideId "1530720"]
[BlackFideId "2812738"]
[EventDate "2024.05.24"]

1. d4 Nf6 2. c4 g6 3. Nc3 Bg7 4. e4 d6 5. Be2 O-O 6. Be3 e5 7. d5 Na6 8. g4 Nc5
9. f3 a5 10. h4 h5 11. g5 Ne8 12. Qd2 f5 13. gxf6 Bxf6 14. Bf2 Kh7 15. O-O-O a4
16. Nh3 Bxh3 17. Rxh3 Qd7 18. Rh2 Bg7 19. Be3 Qf7 20. Rg1 Bf6 21. Bd1 a3 22. b4
Na6 23. Ne2 c5 24. b5 Nb4 25. Kb1 Nc7 26. Rg3 Rg8 27. Ng1 Raf8 28. Bh6 Re8 29.
Rgg2 Na8 30. Nh3 Nb6 31. Be2 Na4 32. Bg5 Re7 33. Rf2 Kh8 34. Rhg2 Qg7 35. Rf1
Rf7 36. Rfg1 Bxg5 37. Nxg5 Rf4 38. Ne6 Qf6 39. Bd1 Nb2 40. Bb3 Kh7 41. Nxf4 exf4
42. Rg5 N2d3 43. Qg2 Ne5 44. Rxh5+ Kg7 45. Rf5 Qe7 1-0

[Event "Norway Chess Open GM 2024"]
[Site "Stavanger NOR"]
[Date "2024.05.30"]
[Round "9.23"]
[White "Jeyanth, R"]
[Black "Simonsen, David Mindestrommen"]
[Result "1/2-1/2"]
[WhiteElo "1808"]
[BlackElo "1942"]
[WhiteFideId "25618750"]
[BlackFideId "1565672"]
[EventDate "2024.05.24"]

1. d4 Nf6 2. c4 g6 3. Nc3 d5 4. cxd5 Nxd5 5. e4 Nxc3 6. bxc3 Bg7 7. Qa4+ Nd7 8.
Nf3 O-O 9. Bd3 c5 10. Qb3 cxd4 11. cxd4 Nc5 12. Qc3 Bg4 13. Qxc5 Bxf3 14. Be3
Bxg2 15. Rg1 Bh3 16. Rg3 Be6 17. h4 Rc8 18. Qxa7 Rc3 19. Rd1 Qc7 20. d5 Bd7 21.
h5 e6 22. Bd4 Bxd4 23. Qxd4 exd5 24. exd5 Re8+ 25. Kf1 Qe5 26. Qxe5 Rxe5 27.
hxg6 hxg6 28. Be2 Rxg3 29. fxg3 Rxe2 30. Kxe2 Bg4+ 31. Kd2 Bxd1 32. Kxd1 Kg7 33.
Kd2 Kf6 34. Kd3 Ke5 35. Kc4 Kd6 36. g4 f5 37. gxf5 gxf5 38. Kd4 b5 39. a3 f4 40.
Ke4 f3 41. Kxf3 Kxd5 42. Ke3 Kc4 43. a4 b4 44. Kd2 b3 45. a5 b2 46. Kc2 Kb5 47.
Kxb2 Kxa5 1/2-1/2

[Event "Norway Chess Open GM 2024"]
[Site "Stavanger NOR"]
[Date "2024.05.30"]
[Round "9.24"]
[White "Lilliehook, Victor"]
[Black "Mesar, Antun"]
[Result "0-1"]
[WhiteElo "1928"]
[BlackElo "1890"]
[WhiteFideId "1752103"]
[BlackFideId "14532620"]
[EventDate "2024.05.24"]

1. e4 c5 2. Nf3 e6 3. d4 cxd4 4. Nxd4 a6 5. Bd3 Qc7 6. O-O Bc5 7. Nb3 Be7 8. Qg4
Nf6 9. Qxg7 Rg8 10. Qh6 Nc6 11. Bf4 d6 12. Bg3 Rg6 13. Qd2 e5 14. Nc3 Nb4 15.
Nb5 Qb6 16. Qxb4 axb5 17. Qxb5+ Qxb5 18. Bxb5+ Kf8 19. Rfe1 Nh5 20. Be2 Nxg3 21.
hxg3 f5 22. exf5 Bxf5 23. c4 Bf6 24. Bf3 e4 25. Bxe4 Bxe4 26. Rxe4 Bxb2 27. Rb1
Be5 28. Nd4 Rxa2 29. Rxb7 Ra1+ 30. Kh2 Rh6+ 0-1

[Event "Norway Chess Open GM 2024"]
[Site "Stavanger NOR"]
[Date "2024.05.30"]
[Round "9.25"]
[White "Cornileau, Raphael"]
[Black "Bech, Havard Eriksen"]
[Result "1-0"]
[WhiteElo "1784"]
[BlackElo "1898"]
[WhiteFideId "45105790"]
[BlackFideId "1564684"]
[EventDate "2024.05.24"]

1. e4 c6 2. d4 d5 3. Nd2 dxe4 4. Nxe4 Nf6 5. Nxf6+ exf6 6. c3 Bd6 7. Bd3 O-O 8.
Ne2 Re8 9. O-O Nd7 10. Ng3 Nf8 11. f4 Ng6 12. f5 Ne7 13. Nh5 Nd5 14. Qf3 b6 15.
Bh6 g6 16. c4 Bf8 17. cxd5 gxh5 18. Qxh5 Qxd5 19. Rf4 Qa5 20. Rg4+ Kh8 21. Bxf8
Re1+ 22. Bf1 1-0

[Event "Norway Chess Open GM 2024"]
[Site "Stavanger NOR"]
[Date "2024.05.30"]
[Round "9.26"]
[White "Lien, Sebastian"]
[Black "Bekmukhanov, Sauran"]
[Result "1/2-1/2"]
[WhiteElo "1861"]
[BlackElo "1844"]
[WhiteFideId "1567888"]
[BlackFideId "1472844"]
[EventDate "2024.05.24"]

1. d4 Nf6 2. c4 e6 3. Nf3 d5 4. Nc3 b6 5. cxd5 exd5 6. Bg5 Be7 7. e3 O-O 8. Bd3
c5 9. O-O Bg4 10. dxc5 bxc5 11. Bxf6 Bxf6 12. Nxd5 Bxb2 13. Rb1 Bf6 14. Nxf6+
Qxf6 15. Be4 Nc6 16. Qa4 Bxf3 17. Bxf3 Rac8 18. Bxc6 Qxc6 19. Qc4 Rfe8 20. Rfc1
g6 21. Rb5 Re5 22. h3 Rg5 23. e4 Re5 24. f3 Qf6 25. Rb7 Rg5 26. Rb3 Rd8 27. Rd3
Rxd3 28. Qxd3 Rxg2+ 29. Kxg2 Qg5+ 30. Kf2 Qxc1 31. Qd8+ Kg7 32. Qe7 Qb2+ 33. Kg3
Qb6 34. Qe5+ Kh6 35. Qf4+ Kg7 36. Qe5+ f6 37. Qe7+ Kh6 38. Kg4 Qb8 39. Qxc5 Qb7
40. Qf8+ Qg7 41. Qd6 Qf7 42. a3 Kg7 43. e5 fxe5 44. Qxe5+ Qf6 45. Qc7+ Qf7 46.
Qe5+ Qf6 47. Qc7+ Qf7 48. Qe5+ 1/2-1/2

[Event "Norway Chess Open GM 2024"]
[Site "Stavanger NOR"]
[Date "2024.05.30"]
[Round "9.27"]
[White "Derlich, Sarah Sima"]
[Black "Mihaila, Radu Stefan"]
[Result "1/2-1/2"]
[WhiteElo "1945"]
[BlackElo "1835"]
[WhiteFideId "1469290"]
[BlackFideId "2852638"]
[EventDate "2024.05.24"]

1. e4 c5 2. Nf3 Nc6 3. Bb5 Nd4 4. Nxd4 cxd4 5. O-O a6 6. Be2 e5 7. c3 Bc5 8. d3
d5 9. exd5 Qxd5 10. b4 Bb6 11. c4 Qd8 12. Re1 Ne7 13. Bg5 O-O 14. Nd2 f6 15. Bh4
Ng6 16. Bg3 f5 17. h3 f4 18. Bh2 Nh4 19. Bg4 Qg5 20. Nf3 Bxg4 21. Nxg5 Bxd1 22.
Raxd1 Rf5 23. Ne4 Bd8 24. Kh1 Be7 25. Rb1 g5 26. f3 Ng6 27. Bg1 h6 28. Bf2 Rf7
29. c5 b5 30. Ra1 a5 31. a4 axb4 32. axb5 Rff8 33. Reb1 Rxa1 34. Rxa1 Rb8 35. b6
Bxc5 36. Nxc5 Rxb6 37. Rb1 Ne7 38. Be1 Nd5 39. Nd7 Rb5 40. h4 Nc3 41. Rb3 Kf7
42. hxg5 hxg5 43. Bf2 Ne2 44. Nxe5+ Rxe5 45. Rxb4 Re6 46. Rb7+ Kg8 47. Rb8+ Kg7
48. Rb7+ Kg8 49. Rb8+ Kg7 50. Rb7+ 1/2-1/2

[Event "Norway Chess Open GM 2024"]
[Site "Stavanger NOR"]
[Date "2024.05.30"]
[Round "9.28"]
[White "Hetland, Even"]
[Black "Damiano, Sophie"]
[Result "1-0"]
[WhiteElo "1903"]
[BlackElo "1723"]
[WhiteFideId "1555995"]
[BlackFideId "1566334"]
[EventDate "2024.05.24"]

1. Nf3 f5 2. d4 Nf6 3. c4 g6 4. Nc3 Bg7 5. Bf4 O-O 6. e3 d6 7. Be2 Qe8 8. h3
Nbd7 9. Bh2 e5 10. Nb5 Qd8 11. dxe5 dxe5 12. Nxe5 c6 13. Nxd7 Bxd7 14. Nc3 Qa5
15. O-O Be6 16. Qc2 Rac8 17. Bd6 Rf7 18. b4 Qd8 19. Rad1 Nd7 20. Na4 Qh4 21. Nc5
Nxc5 22. Bxc5 f4 23. exf4 Qxf4 24. Bd6 Be5 25. Bxe5 Qxe5 26. Rfe1 Qg5 27. Qc3
Rcf8 28. Bf1 Bc8 29. c5 Qf6 30. Qxf6 Rxf6 31. Bc4+ Kh8 32. f3 Rf4 33. Be6 Rxb4
34. Bxc8 Rxc8 35. Re7 Rb5 36. Rdd7 Rxc5 37. Rxh7+ Kg8 38. Rdg7+ Kf8 39. Rxb7 Rh5
40. Rhf7+ Kg8 41. Rg7+ Kh8 42. Rxa7 c5 43. Rgc7 Rd8 44. Ra6 Rg5 45. Kh2 Re8 46.
a4 c4 47. Rxc4 Kh7 48. Ra7+ Kg8 49. Rg4 Rxg4 50. hxg4 Re1 51. a5 Ra1 52. a6 Kh8
53. Kg3 Kg8 54. Kf4 Ra5 55. Ke4 Kh8 56. Kd4 Kg8 57. Kc4 1-0

[Event "Norway Chess Open GM 2024"]
[Site "Stavanger NOR"]
[Date "2024.05.30"]
[Round "9.29"]
[White "Elsness, Fredrik Valstad"]
[Black "Oz, Sinan"]
[Result "1-0"]
[WhiteElo "1861"]
[BlackElo "1794"]
[WhiteFideId "1567829"]
[BlackFideId "1471090"]
[EventDate "2024.05.24"]

1. e4 c5 2. Nf3 g6 3. d4 cxd4 4. Nxd4 Nc6 5. c4 Nf6 6. Nc3 d6 7. Be2 Nxd4 8.
Qxd4 Bg7 9. O-O O-O 10. Qd3 Be6 11. Be3 Rc8 12. b3 Qa5 13. Bd2 Nd7 14. Rad1 Nc5
15. Qc2 Qc7 16. Rfe1 a6 17. Bf1 f5 18. exf5 Bxf5 19. Qc1 e6 20. Bf4 e5 21. Nd5
Qf7 22. Bg5 Rce8 23. Qe3 Ne6 24. Qg3 Nd4 25. Be3 Nc2 26. Re2 Nxe3 27. Nxe3 Bh6
28. Nxf5 Qxf5 29. Rxd6 e4 30. Rd5 Qf6 31. Re3 Bxe3 32. Qxe3 Re7 33. c5 Ref7 34.
Rd2 Kg7 35. Qxe4 Re7 36. Qc4 Qf4 37. Qc3+ Rf6 38. g3 Qe5 39. Qc4 Ref7 40. Re2
Qf5 41. Qc3 Qf3 42. Qd4 Qf5 43. Bg2 Rd7 44. Qc3 Rd1+ 45. Bf1 Qf3 46. Re7+ Kh6
47. Qxf3 Rxf3 48. Kg2 Rc3 49. Rxb7 Rxc5 50. Bxa6 Ra5 51. Bc4 Rxa2 52. Bg8 Rdd2
53. Rxh7+ Kg5 54. Rf7 Kh6 55. h4 g5 56. Rh7+ Kg6 57. h5+ Kf6 58. Rf7+ Ke5 59. h6 1-0

[Event "Norway Chess Open GM 2024"]
[Site "Stavanger NOR"]
[Date "2024.05.30"]
[Round "9.30"]
[White "Rynkjob, Bastian"]
[Black "Mesar, Darko"]
[Result "0-1"]
[WhiteElo "1797"]
[BlackElo "1894"]
[WhiteFideId "1473557"]
[BlackFideId "14531038"]
[EventDate "2024.05.24"]

1. e4 c5 2. Nf3 a6 3. c3 d5 4. exd5 Qxd5 5. d4 e6 6. Be3 Nd7 7. c4 Qc6 8. Be2
Ngf6 9. Nc3 Bd6 10. h3 O-O 11. Qc2 Rb8 12. g4 b5 13. g5 Ne8 14. Rg1 b4 15. Ne4
Be7 16. h4 Nd6 17. Ng3 Bb7 18. Nd2 cxd4 19. Bxd4 e5 20. Be3 Nc5 21. Nf5 Nxf5 22.
Qxf5 e4 23. h5 Qe6 24. Qxe6 Nxe6 25. Rg4 f5 26. gxf6 Bxf6 27. Rb1 Nd4 28. Nxe4
Nc2+ 29. Kd2 Nxe3 30. fxe3 Rbd8+ 31. Bd3 Be7 32. Rf4 Rxf4 33. exf4 Bxe4 34. Ke3
Bxd3 35. Rd1 Bxc4 0-1